History - World | 1 | 4 | 0 | 0 | 55 | 21 | 84.20 | 1 | 1 |
History - American | 0 | 5 | 0 | 0 | 50 | 68 | 104.00 | 0 | 0 |
History - Cross, Historiography, and Miscellaneous | 2 | 1 | 0 | 0 | 40 | 59 | 81.33 | 0 | 0 |
Science - Biology | 1 | 2 | 0 | 0 | 35 | 56 | 85.67 | 0 | 1 |
History - European | 1 | 2 | 0 | 0 | 35 | 61 | 82.67 | 0 | 0 |
Other - Other Academic and General Knowledge | 1 | 1 | 0 | 0 | 25 | 65 | 69.00 | 0 | 0 |
Fine Arts - Photography | 0 | 2 | 0 | 0 | 20 | 90 | 104.00 | 0 | 0 |
Fine Arts - Architecture | 0 | 1 | 0 | 0 | 10 | 117 | 117.00 | 0 | 0 |
RMP - Christian Practice | 0 | 1 | 0 | 0 | 10 | 119 | 119.00 | 0 | 0 |
RMP - East Asian Religion | 0 | 1 | 0 | 0 | 10 | 93 | 93.00 | 0 | 0 |
RMP - Hebrew Bible | 0 | 1 | 0 | 0 | 10 | 130 | 130.00 | 0 | 0 |
RMP - World Mythology | 0 | 1 | 0 | 0 | 10 | 78 | 78.00 | 0 | 0 |
Science - Chemistry | 0 | 1 | 0 | 0 | 10 | 112 | 112.00 | 0 | 0 |
Science - Computer Science | 0 | 1 | 0 | 0 | 10 | 119 | 119.00 | 0 | 0 |
RMP - Islam | 0 | 0 | 0 | 0 | 0 | | 0.00 | 0 | 0 |
RMP - Jewish Practice | 0 | 0 | 0 | 0 | 0 | | 0.00 | 0 | 0 |
Fine Arts - Painting | 0 | 0 | 0 | 0 | 0 | | 0.00 | 0 | 0 |
Fine Arts - Music | 0 | 0 | 0 | 0 | 0 | | 0.00 | 0 | 0 |
Fine Arts - Jazz | 0 | 0 | 0 | 0 | 0 | | 0.00 | 0 | 0 |
Science - Engineering and Miscellaneous | 0 | 0 | 0 | 0 | 0 | | 0.00 | 0 | 0 |
Fine Arts - Film | 0 | 0 | 0 | 0 | 0 | | 0.00 | 0 | 0 |
Science - Earth | 0 | 0 | 0 | 0 | 0 | | 0.00 | 0 | 0 |